000 00640nam a2200241Ia 4500
003 OSt
005 20221005043559.0
006 a|||||r|||| 00| 0
007 ta
008 221004b |||||||| |||| 00| 0 eng d
024 _a70015
037 _cTextual
040 _aCRL
_cCRL
_beng
041 _2eng
_aeng
082 _aY:7:7xM95, M6
100 _aBhave Vinoba
_9226668
245 0 _aIntimate and the ultimate edited by Satish Kumar
260 _aGreat
_bBratain Element
_c1986
300 _a113p.
_ccm.
650 _aSOCIOLOGY
942 _hY:7:7xM95, M6
_cTEXL
_2cc
999 _c952102
_d952102